000 00599nam a2200217Ia 4500
005 20260429112159.0
008 260429s9999||||xx |||||||||||||| ||und||
020 _a9789381891902
041 _aEnglish
082 _a577.54
_bRAT
100 _aRathore, M. S.
245 0 _aDesert ecosystems :
_brescripting development paradigms /
_cM. S. Rathore
250 _a1st ed.
260 _aNew Delhi :
_bCapital Publishing Company,
_c2025.
300 _axxx, 384 p.; hb
650 _a Desert
650 _aEcosystems
700 _a Partap, Tej
700 _a Rathore, Laxman Singh
942 _cTB
999 _c52759
_d52759